000 00505nam a2200193 4500
003 MX-MxINE
005 20260530113919.0
008 260509b |||||||| |||| 00| 0 eng d
040 _aICI
_bspa
_cICI
_erda
041 _aspa
050 _aHM851
_bU85
245 _aUtopia :
_bcultura digital
336 _2rdacontent
_atexto
337 _2rdamedia
_asin medio
338 _2rdacarrier
_avolumen
650 4 _aSociedad de la información
_934389
650 4 _aCultura digital
_934390
942 _2lcc
_n1
_cBK
999 _c12372
_d12372